[Event "17. Europa ch Juvenil - Femenino s18"]
[Site "Sibenik CRO"]
[Date "2007.09.16"]
[Round "3.25"]
[White "Vartic, Irina"]
[Black "Knaperekova, Emilia"]
[Result "1-0"]
[WhiteElo "1921"]
[BlackElo "1946"]
[PlyCount "65"]
[EventDate "2007.09.14"]
[EventType "swiss"]
[EventRounds "9"]
[EventCountry "CRO"]
[Source "lmi"]
[SourceDate "2007.09.14"]

1. e4 e6 2. d4 d5 3. Nd2 Nf6 4. e5 Nfd7 5. Bd3 c5 6. c3 Nc6 7. Ne2 cxd4 8. cxd4
f6 9. exf6 Nxf6 10. Nf3 Bd6 11. O-O O-O 12. Bg5 e5 13. dxe5 Nxe5 14. Nxe5 Bxe5
15. Qc2 Bxh2+ 16. Kh1 Qd6 17. g3 Ng4 18. Bxh7+ Kh8 19. Nf4 Rf6 20. Bxf6 Qxf6
21. Qg6 Qxb2 22. Qh5 Nh6 23. Bd3 Bg4 24. Qxd5 Qb4 25. Kxh2 Rc8 26. Ng6+ Kh7 27.
Ne7+ g6 28. Nxc8 Bxc8 29. Rac1 Qf8 30. Qh5 Bf5 31. Bxf5 gxf5 32. Rc7+ Kg8 33.
Qg6+ 1-0

[Event "17. Europa ch Juvenil - Femenino s18"]
[Site "Sibenik CRO"]
[Date "2007.09.16"]
[Round "3.26"]
[White "Kaniak, Justyna"]
[Black "Ivekovic, Ivana"]
[Result "1-0"]
[WhiteElo "1942"]
[BlackElo "1918"]
[PlyCount "71"]
[EventDate "2007.09.14"]
[EventType "swiss"]
[EventRounds "9"]
[EventCountry "CRO"]
[Source "lmi"]
[SourceDate "2007.09.14"]

1. e4 c5 2. Nf3 e6 3. d4 cxd4 4. Nxd4 a6 5. Bd3 Qc7 6. O-O Nf6 7. Qe2 d6 8. f4
Nbd7 9. Kh1 Be7 10. Nd2 b6 11. N2f3 Bb7 12. e5 Nd5 13. f5 Nxe5 14. fxe6 f6 15.
Be4 g6 16. Bd2 f5 17. Bd3 Nf6 18. Bf4 Ne4 19. Bxe4 Bxe4 20. Ng5 Bxg5 21. Bxg5
h6 22. Bd2 Qe7 23. Rad1 Bd5 24. Qf2 Ng4 25. Qg3 h5 26. h4 Be4 27. Bf4 d5 28.
Bd6 Qb7 29. Qf4 Rh7 30. Qg5 Rg7 31. Rf4 Rd8 32. Ba3 b5 33. Bb4 Qc7 34. Rxg4
hxg4 35. Qf6 Rc8 36. Qf8# 1-0

[Event "17. Europa ch Juvenil - Femenino s18"]
[Site "Sibenik CRO"]
[Date "2007.09.16"]
[Round "3.27"]
[White "Martin, Katie A"]
[Black "Yelmarova, Natavan"]
[Result "1/2-1/2"]
[WhiteElo "1928"]
[BlackElo "1850"]
[PlyCount "162"]
[EventDate "2007.09.14"]
[EventType "swiss"]
[EventRounds "9"]
[EventCountry "CRO"]
[Source "lmi"]
[SourceDate "2007.09.14"]

1. e4 c5 2. Nc3 Nc6 3. g3 g6 4. Bg2 Bg7 5. d3 d6 6. Be3 e6 7. Qd2 Nge7 8. Bh6
O-O 9. Bxg7 Kxg7 10. Nge2 Nd4 11. O-O Nec6 12. Nd1 Qa5 13. Nec3 e5 14. Ne3 Be6
15. Qd1 Qd8 16. Ncd5 Ne7 17. c3 Ndc6 18. f4 f5 19. Qe2 Qd7 20. Rf2 Rf7 21. Raf1
Raf8 22. a3 a5 23. Nb6 Qc7 24. Nbd5 Qd7 25. Nb6 Qc7 26. Nbd5 Qd7 27. Nxe7 Qxe7
28. fxe5 Nxe5 29. d4 Ng4 30. Nxg4 fxg4 31. Rxf7+ Rxf7 32. Rxf7+ Qxf7 33. d5 Bd7
34. e5 dxe5 35. Qxe5+ Qf6 36. Qxf6+ Kxf6 37. Kf2 Bb5 38. Ke3 Ke5 39. b3 b6 40.
Be4 c4 41. b4 Bd7 42. Bg2 Bf5 43. Bh1 g5 44. Bg2 Bg6 45. d6 Kxd6 46. bxa5 bxa5
47. Kd4 Bf7 48. Bf1 h6 49. Bxc4 Bg6 50. Bd5 Bc2 51. c4 Bd1 52. c5+ Kc7 53. Be6
Kc6 54. Bd5+ Kc7 55. Bf7 Bf3 56. Bb3 Kc6 57. Ba4+ Kc7 58. Bb5 h5 59. Ke5 h4 60.
Kd4 Bd1 61. a4 Bb3 62. Ke5 hxg3 63. hxg3 Bc2 64. Kf6 Be4 65. Kxg5 Bc6 66. Bxc6
Kxc6 67. Kxg4 Kxc5 68. Kf5 Kb4 69. g4 Kxa4 70. g5 Kb3 71. g6 a4 72. g7 a3 73.
g8=Q+ Kb2 74. Qb8+ Ka1 75. Qe5+ Kb1 76. Qe1+ Kb2 77. Qd2+ Kb1 78. Qc3 a2 79.
Qd3+ Kb2 80. Qd2+ Kb1 81. Qd1+ Kb2 1/2-1/2

[Event "17. Europa ch Juvenil - Femenino s18"]
[Site "Sibenik CRO"]
[Date "2007.09.17"]
[Round "4.1"]
[White "Tarasova, Viktoriya"]
[Black "Foisor, Sabina-Francesca"]
[Result "1-0"]
[WhiteElo "2249"]
[BlackElo "2346"]
[PlyCount "95"]
[EventDate "2007.09.14"]
[EventType "swiss"]
[EventRounds "9"]
[EventCountry "CRO"]
[Source "lmi"]
[SourceDate "2007.09.14"]

1. d4 g6 2. c4 Bg7 3. Nc3 c5 4. d5 d6 5. e4 Nf6 6. h3 O-O 7. Nf3 e6 8. Bd3 Na6
9. O-O Re8 10. Re1 Nc7 11. a4 Na6 12. dxe6 Bxe6 13. Bf1 Qb6 14. a5 Qc6 15. e5
dxe5 16. Nxe5 Qc7 17. Bf4 Nh5 18. Bh2 Qe7 19. Nd5 Qf8 20. Qb3 Rab8 21. Nd3 Rbd8
22. Qxb7 Nb4 23. N5xb4 cxb4 24. c5 Rxd3 25. Bxd3 Qxc5 26. Qb5 Rc8 27. Qxc5 Rxc5
28. Re2 b3 29. g4 Nf6 30. Bb8 Nd5 31. Bxa7 Rc8 32. Be3 Nb4 33. Be4 Nc2 34. Rb1
f5 35. Bb7 Rd8 36. Bb6 Bc4 37. Bxd8 Bxe2 38. Bd5+ Kf8 39. gxf5 gxf5 40. Bxb3
Nd4 41. Bd5 Bd3 42. Rd1 Bc2 43. Rd2 Be4 44. Bxe4 fxe4 45. Kf1 Ke8 46. Bb6 Nb3
47. Rd8+ Ke7 48. a6 1-0

[Event "17. Europa ch Juvenil - Femenino s18"]
[Site "Sibenik CRO"]
[Date "2007.09.17"]
[Round "4.2"]
[White "Ohme, Melanie"]
[Black "Paulet, Iozefina"]
[Result "0-1"]
[WhiteElo "2278"]
[BlackElo "2241"]
[PlyCount "62"]
[EventDate "2007.09.14"]
[EventType "swiss"]
[EventRounds "9"]
[EventCountry "CRO"]
[Source "lmi"]
[SourceDate "2007.09.14"]

1. e4 e6 2. d4 d5 3. Nc3 Nf6 4. e5 Nfd7 5. f4 c5 6. Nf3 Nc6 7. Be3 a6 8. Qd2 b5
9. a3 Qb6 10. Ne2 a5 11. c3 c4 12. g4 h5 13. gxh5 Rxh5 14. Ng3 Rh8 15. f5 exf5
16. Nxf5 Nf6 17. Ng3 Nh5 18. Nxh5 Rxh5 19. Ng5 Ne7 20. Qe2 Rh8 21. Bg2 f6 22.
exf6 gxf6 23. Nf3 Bf5 24. Qf2 Bd3 25. Kd2 Rb8 26. Bf4 b4 27. cxb4 axb4 28. Bxb8
bxa3 29. Nh4 Bh6+ 30. Bf4 Qxb2+ 31. Ke3 Bxf4+ 0-1

[Event "17. Europa ch Juvenil - Femenino s18"]
[Site "Sibenik CRO"]
[Date "2007.09.17"]
[Round "4.3"]
[White "Chirita, Andra-Marina"]
[Black "Severiukhina, Zoya"]
[Result "1-0"]
[WhiteElo "2056"]
[BlackElo "2267"]
[PlyCount "125"]
[EventDate "2007.09.14"]
[EventType "swiss"]
[EventRounds "9"]
[EventCountry "CRO"]
[Source "lmi"]
[SourceDate "2007.09.14"]

1. d4 Nf6 2. Nf3 g6 3. c4 Bg7 4. Nc3 O-O 5. Bg5 d6 6. e3 h6 7. Bh4 Bf5 8. Be2
Nbd7 9. O-O g5 10. Bg3 Bg6 11. Qb3 Rb8 12. Rad1 Nh5 13. Qa3 a6 14. b4 Ndf6 15.
c5 Nxg3 16. hxg3 Nh7 17. Qb3 h5 18. Bd3 Bxd3 19. Rxd3 e6 20. e4 Kh8 21. Rfd1
Qe7 22. cxd6 cxd6 23. e5 d5 24. b5 f6 25. exf6 Qxf6 26. Qc2 Qf5 27. Re1 Rbc8
28. Qe2 Nf6 29. bxa6 bxa6 30. Nd1 Ng4 31. Ne3 Nxe3 32. Qxe3 Rc2 33. Rd2 Rxd2
34. Qxd2 h4 35. gxh4 gxh4 36. Qe2 h3 37. Qxe6 hxg2 38. Qxf5 Rxf5 39. Kxg2 Rf4
40. Kg3 Rf6 41. Re8+ Kh7 42. Ne5 Rb6 43. Rd8 Rb2 44. Rxd5 Rxa2 45. f4 a5 46.
Rd7 Rd2 47. Kf3 a4 48. Ke3 Rh2 49. Ra7 a3 50. d5 Rh3+ 51. Nf3 Kg6 52. Rxa3 Kf5
53. d6 Bh6 54. Ra4 Ke6 55. Rd4 Bg7 56. Rd3 Rh8 57. Ke4 Bf6 58. f5+ Kd7 59. Ne5+
Kc8 60. Rc3+ Kd8 61. Kd5 Re8 62. Nf7+ Kd7 63. Rc7# 1-0

[Event "17. Europa ch Juvenil - Femenino s18"]
[Site "Sibenik CRO"]
[Date "2007.09.17"]
[Round "4.5"]
[White "Rakic, Marija"]
[Black "Daulyte, Deimante"]
[Result "1/2-1/2"]
[WhiteElo "2247"]
[BlackElo "2216"]
[PlyCount "98"]
[EventDate "2007.09.14"]
[EventType "swiss"]
[EventRounds "9"]
[EventCountry "CRO"]
[Source "lmi"]
[SourceDate "2007.09.14"]

1. d4 Nf6 2. c4 g6 3. Nc3 Bg7 4. e4 d6 5. h3 O-O 6. Be3 e5 7. d5 Na6 8. Bd3 Nc5
9. Bc2 a5 10. Nge2 Nh5 11. g4 Nf4 12. Nxf4 exf4 13. Bd4 Nd7 14. Bxg7 Kxg7 15.
Ne2 Qf6 16. Qd4 Ne5 17. O-O-O a4 18. Qc3 Bd7 19. f3 b5 20. cxb5 Bxb5 21. Nd4
Rfb8 22. h4 Ra7 23. g5 Qd8 24. Bd3 Bd7 25. Rd2 c5 26. dxc6 Rc7 27. Rc2 Bxc6 28.
Bb5 Kg8 29. Bxc6 Rbc8 30. Qa5 Qe7 31. Kb1 Nxf3 32. Nxf3 Rxc6 33. Re2 Rc4 34.
Rhe1 R8c5 35. Qd2 a3 36. e5 axb2 37. Qxb2 d5 38. e6 Rc8 39. Nd4 f3 40. exf7+
Qxf7 41. Rf2 Qa7 42. Nb3 Rc3 43. Rc1 Qe3 44. Rxc3 Rxc3 45. Qd2 Qe4+ 46. Kb2 Re3
47. Nc1 d4 48. Qb4 Qe5 49. Nd3 Qe4 1/2-1/2

[Event "17. Europa ch Juvenil - Femenino s18"]
[Site "Sibenik CRO"]
[Date "2007.09.17"]
[Round "4.6"]
[White "Robles Garcia, Claudia"]
[Black "Van Nies, Pauline"]
[Result "1-0"]
[WhiteElo "2167"]
[BlackElo "2162"]
[PlyCount "51"]
[EventDate "2007.09.14"]
[EventType "swiss"]
[EventRounds "9"]
[EventCountry "CRO"]
[Source "lmi"]
[SourceDate "2007.09.14"]

1. e4 c5 2. Nf3 d6 3. d4 cxd4 4. Nxd4 Nf6 5. Nc3 Nc6 6. Bg5 e6 7. Qd2 Be7 8.
O-O-O O-O 9. f4 Nxd4 10. Qxd4 Qa5 11. h4 Rd8 12. Qe3 h6 13. Kb1 Qc5 14. Qg3 Kf8
15. e5 dxe5 16. Rxd8+ Bxd8 17. fxe5 hxg5 18. exf6 Bxf6 19. hxg5 Be5 20. Qd3 Qd6
21. Qf3 g6 22. Bd3 Ke8 23. Rh7 Qf8 24. Bb5+ Ke7 25. Ne4 Qg8 26. Qa3+ 1-0

[Event "17. Europa ch Juvenil - Femenino s18"]
[Site "Sibenik CRO"]
[Date "2007.09.17"]
[Round "4.7"]
[White "Leks, Hanna"]
[Black "Kalashyan, Varduhi"]
[Result "1-0"]
[WhiteElo "2232"]
[BlackElo "2059"]
[PlyCount "87"]
[EventDate "2007.09.14"]
[EventType "swiss"]
[EventRounds "9"]
[EventCountry "CRO"]
[Source "lmi"]
[SourceDate "2007.09.14"]

1. e4 c5 2. Nf3 d6 3. d4 cxd4 4. Nxd4 Nf6 5. f3 e5 6. Nb3 Be6 7. c4 Be7 8. Nc3
Nc6 9. Be3 h5 10. Qd2 a6 11. Nd5 Bxd5 12. cxd5 Nb8 13. Qb4 b5 14. a4 bxa4 15.
Bb6 Qd7 16. Rxa4 O-O 17. Bd3 h4 18. O-O Nh5 19. Rc1 Bg5 20. Rc2 Nf4 21. Bb5 Qb7
22. Bc6 Nxc6 23. dxc6 Qe7 24. Qc4 Qe6 25. Qxe6 Nxe6 26. c7 Rfc8 27. Kf2 Kf8 28.
Na5 Ke8 29. Rac4 Nf8 30. Rc6 Be7 31. Nc4 Kd7 32. Ne3 Ke8 33. Nf5 Nd7 34. Nxg7+
Kf8 35. Nf5 a5 36. Nxd6 Bxd6 37. Rxd6 Ke7 38. Rdc6 Nxb6 39. Rxb6 Ra7 40. Rbc6
Kd7 41. g3 hxg3+ 42. Kxg3 Ke7 43. h4 f6 44. Kg4 1-0

[Event "17. Europa ch Juvenil - Femenino s18"]
[Site "Sibenik CRO"]
[Date "2007.09.17"]
[Round "4.8"]
[White "Kharmunova, Nadejda"]
[Black "Baptista, Ana Filipa"]
[Result "1-0"]
[WhiteElo "2177"]
[BlackElo "2055"]
[PlyCount "117"]
[EventDate "2007.09.14"]
[EventType "swiss"]
[EventRounds "9"]
[EventCountry "CRO"]
[Source "lmi"]
[SourceDate "2007.09.14"]

1. e4 c5 2. d3 e6 3. g3 Nc6 4. Bg2 d5 5. Nd2 Nf6 6. Ngf3 Be7 7. O-O Qc7 8. Re1
b6 9. Qe2 Bb7 10. e5 Nd7 11. Nf1 h6 12. c3 g5 13. h3 O-O-O 14. d4 Rdg8 15. g4
h5 16. Ng3 hxg4 17. hxg4 Nf8 18. dxc5 Bxc5 19. Bxg5 Rxg5 20. Nxg5 Rg8 21. Nh3
Ng6 22. b4 Be7 23. f4 Nh4 24. Bh1 d4 25. b5 d3 26. Qxd3 Na5 27. g5 Bc5+ 28. Kh2
Bxh1 29. Kxh1 Rh8 30. Ne4 Ng6 31. Rf1 Qb7 32. Kh2 Rh4 33. Nxc5 bxc5 34. Rab1
Rh8 35. c4 Nh4 36. Rf2 Nf5 37. Qc3 Qe4 38. Re1 Qd4 39. Qxd4 cxd4 40. Rf3 Nb7
41. c5 Kc7 42. Rc1 Ne3 43. Kg3 Na5 44. Rxe3 dxe3 45. Ng1 Rd8 46. Rc3 Rd1 47.
Ne2 Rb1 48. a4 Rb4 49. Rxe3 Rxa4 50. Nc3 Rc4 51. Ne4 Nb7 52. c6 Nd8 53. Nd6 Ra4
54. Rc3 Ra5 55. Ne8+ Kc8 56. c7 Nb7 57. Nd6+ Nxd6 58. exd6 Rxb5 59. d7+ 1-0

[Event "17. Europa ch Juvenil - Femenino s18"]
[Site "Sibenik CRO"]
[Date "2007.09.17"]
[Round "4.9"]
[White "Kruljac, Petra"]
[Black "Orlyanskaya, Darya"]
[Result "1/2-1/2"]
[WhiteElo "2054"]
[BlackElo "2092"]
[PlyCount "34"]
[EventDate "2007.09.14"]
[EventType "swiss"]
[EventRounds "9"]
[EventCountry "CRO"]
[Source "lmi"]
[SourceDate "2007.09.14"]

1. d4 f5 2. c4 e6 3. Nf3 Nf6 4. g3 b6 5. Bg2 Bb7 6. O-O Qc8 7. Nc3 Bb4 8. Qc2
Bxc3 9. Qxc3 O-O 10. Bf4 Ne4 11. Qc2 d6 12. Rac1 Nd7 13. b4 c5 14. bxc5 bxc5
15. Nd2 Nxd2 16. Bxb7 Qxb7 17. Qxd2 e5 1/2-1/2

[Event "17. Europa ch Juvenil - Femenino s18"]
[Site "Sibenik CRO"]
[Date "2007.09.17"]
[Round "4.10"]
[White "Hairapetian, Anna"]
[Black "Gosciniak, Maria"]
[Result "1/2-1/2"]
[WhiteElo "2028"]
[BlackElo "2076"]
[PlyCount "146"]
[EventDate "2007.09.14"]
[EventType "swiss"]
[EventRounds "9"]
[EventCountry "CRO"]
[Source "lmi"]
[SourceDate "2007.09.14"]

1. d4 d6 2. c4 e5 3. dxe5 dxe5 4. Qxd8+ Kxd8 5. Nf3 f6 6. Nc3 Be6 7. e4 c6 8.
Be3 Nd7 9. O-O-O Kc7 10. Be2 Ne7 11. Rd2 Nc8 12. Rhd1 Ncb6 13. Nh4 g6 14. f4
Be7 15. Nd5+ cxd5 16. cxd5 Bxd5 17. exd5 Kd6 18. fxe5+ fxe5 19. Nf3 Rhc8+ 20.
Kb1 a6 21. Ng5 Bxg5 22. Bxg5 Rf8 23. Be3 Rac8 24. b3 Rc3 25. Bh6 Rf2 26. Bg4
Rxd2 27. Rxd2 Rc5 28. Bf3 Rc8 29. Be3 Rc3 30. Bf2 Nc8 31. Kb2 Rc7 32. Bg4 Ne7
33. Bh4 Nb6 34. Bf3 Rd7 35. a4 Na8 36. b4 Nc7 37. Bxe7+ Rxe7 38. Be4 Rf7 39. g3
Rf1 40. Re2 Rd1 41. Rf2 Ke7 42. Kc3 Nxd5+ 43. Bxd5 Rxd5 44. Kc4 Ke6 45. Rf8 b5+
46. axb5 axb5+ 47. Kc3 h5 48. Rg8 Kf5 49. Rf8+ Kg4 50. Rg8 e4 51. Rxg6+ Kf3 52.
Rf6+ Ke2 53. h3 e3 54. g4 hxg4 55. hxg4 Rd3+ 56. Kc2 Rd4 57. g5 Rxb4 58. Rc6
Rg4 59. g6 Ke1 60. Re6 e2 61. Rc6 Rg2 62. Rf6 b4 63. Re6 Kf1 64. Rf6+ Kg1 65.
Kd2 b3 66. Ke1 b2 67. Rb6 Kh1 68. Rxb2 Rg1+ 69. Kxe2 Rg2+ 70. Kf3 Rxb2 71. Kf4
Kh2 72. Kf5 Kh3 73. g7 Rg2 1/2-1/2

[Event "17. Europa ch Juvenil - Femenino s18"]
[Site "Sibenik CRO"]
[Date "2007.09.17"]
[Round "4.11"]
[White "Steil-Antoni, Fiona"]
[Black "Ikonomopoulou, Maria"]
[Result "0-1"]
[WhiteElo "2065"]
[BlackElo "2029"]
[PlyCount "116"]
[EventDate "2007.09.14"]
[EventType "swiss"]
[EventRounds "9"]
[EventCountry "CRO"]
[Source "lmi"]
[SourceDate "2007.09.14"]

1. e4 e5 2. Bc4 Nf6 3. d3 c6 4. Nf3 d5 5. Bb3 Bd6 6. exd5 Nxd5 7. O-O O-O 8.
Re1 Nd7 9. Nbd2 Bc7 10. Ne4 h6 11. Bd2 N7f6 12. Qc1 Kh7 13. Ng3 Re8 14. c3 Bg4
15. Nh4 Nh5 16. Nhf5 Bxf5 17. Nxf5 Qf6 18. Ne3 Ndf4 19. Bc2 Kg8 20. Qd1 Rad8
21. Qg4 Nxd3 22. Bxd3 Rxd3 23. Rad1 Nf4 24. g3 h5 25. Qf5 Qxf5 26. Nxf5 Ne6 27.
Be3 Red8 28. Rxd3 Rxd3 29. Bxa7 Rd2 30. Rb1 g6 31. Ne3 Rd8 32. Nc4 b5 33. Na3
f5 34. f3 f4 35. Bf2 Rd3 36. Kg2 Ng5 37. gxf4 exf4 38. Re1 Kf7 39. Bc5 Rd2+ 40.
Kf1 Ne6 41. Bf2 Rxb2 42. Re2 Rxe2 43. Kxe2 Be5 44. Be1 g5 45. h3 Kg6 46. Nc2 c5
47. Bd2 Kf5 48. Ne1 c4 49. Nc2 g4 50. hxg4+ hxg4 51. fxg4+ Kxg4 52. a4 bxa4 53.
Na3 f3+ 54. Kf1 Bf4 55. Be1 Bc1 56. Nxc4 a3 57. Nxa3 Bxa3 58. c4 Nf4 0-1

[Event "17. Europa ch Juvenil - Femenino s18"]
[Site "Sibenik CRO"]
[Date "2007.09.17"]
[Round "4.12"]
[White "Gunina, Valentina"]
[Black "Homiakova, Ekaterina"]
[Result "1-0"]
[WhiteElo "2361"]
[BlackElo "2089"]
[PlyCount "103"]
[EventDate "2007.09.14"]
[EventType "swiss"]
[EventRounds "9"]
[EventCountry "CRO"]
[Source "lmi"]
[SourceDate "2007.09.14"]

1. d4 Nf6 2. c4 c5 3. d5 b5 4. a4 bxc4 5. Nc3 d6 6. e4 g6 7. f4 Bg7 8. Bxc4 O-O
9. Nf3 Nbd7 10. O-O a5 11. Qe2 Nb6 12. Bb5 Bd7 13. Rd1 Ne8 14. e5 Nc7 15. Ng5
Bxb5 16. axb5 h6 17. Nf3 Qd7 18. Be3 Rfb8 19. Qd3 c4 20. Qe4 Nxb5 21. e6 Nxc3
22. bxc3 f5 23. Qc2 Qb5 24. Rab1 Qa4 25. Qe2 Nxd5 26. Rxb8+ Rxb8 27. Rxd5 Rb1+
28. Kf2 Bxc3 29. Kg3 Qc6 30. Qc2 Qxd5 31. Qxb1 Qxe6 32. Qb8+ Kf7 33. Qa7 Qd5
34. Bb6 g5 35. h3 g4 36. hxg4 fxg4 37. Kxg4 Bf6 38. Qxa5 Qe6+ 39. Kg3 d5 40.
Bc7 h5 41. Be5 Kg7 42. Qc7 Kg6 43. Kf2 Qf5 44. Qd8 Qc2+ 45. Kg3 h4+ 46. Nxh4+
Bxh4+ 47. Kxh4 Qf2+ 48. Kh3 Qg1 49. Qg8+ Kf5 50. Qg5+ Ke4 51. Qg6+ Ke3 52. Qb6+
1-0

[Event "17. Europa ch Juvenil - Femenino s18"]
[Site "Sibenik CRO"]
[Date "2007.09.17"]
[Round "4.13"]
[White "Sobierska, Wioletta"]
[Black "Ayrapetyan, Tatevik"]
[Result "0-1"]
[WhiteElo "2012"]
[BlackElo "2218"]
[PlyCount "72"]
[EventDate "2007.09.14"]
[EventType "swiss"]
[EventRounds "9"]
[EventCountry "CRO"]
[Source "lmi"]
[SourceDate "2007.09.14"]

1. e4 c5 2. Nc3 d6 3. g3 g6 4. Bg2 Bg7 5. d3 e6 6. Be3 Ne7 7. Qd2 Nbc6 8. Bh6
Bxh6 9. Qxh6 Nd4 10. O-O-O b5 11. Nce2 e5 12. c3 Ne6 13. d4 Ng8 14. Qd2 cxd4
15. cxd4 Nf6 16. dxe5 Qc7+ 17. Kb1 dxe5 18. Nc3 O-O 19. Nd5 Nxd5 20. Qxd5 Rd8
21. Rc1 Qb8 22. Qb3 b4 23. Nf3 a5 24. Rhd1 Bb7 25. Rxd8+ Qxd8 26. Nxe5 Qd4 27.
Nc6 Bxc6 28. Rxc6 Qxf2 29. Qf3 Qd4 30. Qe2 Rd8 31. h4 Qe5 32. Qe3 a4 33. Bh3 a3
34. bxa3 bxa3 35. Qxa3 Qxe4+ 36. Rc2 Rb8+ 0-1

[Event "17. Europa ch Juvenil - Femenino s18"]
[Site "Sibenik CRO"]
[Date "2007.09.17"]
[Round "4.14"]
[White "Yildiz, Betul Cemre"]
[Black "Mareckova, Martina"]
[Result "1/2-1/2"]
[WhiteElo "2217"]
[BlackElo "2003"]
[PlyCount "59"]
[EventDate "2007.09.14"]
[EventType "swiss"]
[EventRounds "9"]
[EventCountry "CRO"]
[Source "lmi"]
[SourceDate "2007.09.14"]

1. e4 e5 2. Nf3 Nc6 3. d4 exd4 4. Nxd4 Bc5 5. Be3 Qf6 6. c3 Nge7 7. Bc4 Ne5 8.
Be2 d5 9. f4 Ng4 10. Bxg4 Qh4+ 11. Bf2 Qxg4 12. Qxg4 Bxg4 13. Nd2 O-O-O 14. h3
Bd7 15. O-O-O Rhe8 16. e5 Ng6 17. g3 Bxd4 18. cxd4 Re6 19. Be3 h5 20. Nb1 Ne7
21. Nc3 Rg6 22. Rdg1 b6 23. Rh2 Kb7 24. Bf2 Re8 25. Rd1 Be6 26. b4 a6 27. Kb2
Bd7 28. Rg1 Ra8 29. a4 Rc8 30. Kb3 1/2-1/2

[Event "17. Europa ch Juvenil - Femenino s18"]
[Site "Sibenik CRO"]
[Date "2007.09.17"]
[Round "4.16"]
[White "Zhorzholiani, Meri"]
[Black "Bogdan, Elizaveta"]
[Result "1-0"]
[WhiteElo "2110"]
[BlackElo "1880"]
[PlyCount "87"]
[EventDate "2007.09.14"]
[EventType "swiss"]
[EventRounds "9"]
[EventCountry "CRO"]
[Source "lmi"]
[SourceDate "2007.09.14"]

1. d4 Nf6 2. c4 g6 3. Nc3 Bg7 4. e4 d6 5. f3 O-O 6. Be3 Nbd7 7. Bd3 e5 8. d5
Ne8 9. Qd2 a6 10. Nge2 Qe7 11. g4 Qf6 12. O-O Qe7 13. Ng3 Ndf6 14. Kg2 Qd7 15.
Rh1 h5 16. h3 Kh7 17. Rag1 Rh8 18. gxh5 Nxh5 19. Nxh5 gxh5 20. Kf1 Qe7 21. h4
Bd7 22. Rg3 Qf8 23. Rg5 Kg8 24. Rhg1 f6 25. R5g3 Kf7 26. f4 Ke7 27. f5 Kd8 28.
Rg6 b5 29. cxb5 axb5 30. Nxb5 Rxa2 31. Kf2 Ra8 32. Qc1 Rh7 33. Na7 Rb8 34. Qd2
Ra8 35. b4 Qf7 36. b5 Qf8 37. Be2 Qh8 38. Nc6+ Bxc6 39. dxc6 Qg8 40. Qb4 Qa2
41. b6 Rb8 42. b7 Bf8 43. Qc4 Qa5 44. Qg8 1-0

[Event "17. Europa ch Juvenil - Femenino s18"]
[Site "Sibenik CRO"]
[Date "2007.09.17"]
[Round "4.17"]
[White "Nadvesnik, Maja"]
[Black "Somova, Nadezda"]
[Result "1/2-1/2"]
[WhiteElo "1791"]
[BlackElo "1963"]
[PlyCount "67"]
[EventDate "2007.09.14"]
[EventType "swiss"]
[EventRounds "9"]
[EventCountry "CRO"]
[Source "lmi"]
[SourceDate "2007.09.14"]

1. e4 c6 2. Nc3 d5 3. Nf3 Bg4 4. h3 Bh5 5. exd5 cxd5 6. g4 Bg6 7. Bb5+ Nc6 8.
Ne5 Qc7 9. d4 e6 10. Bf4 Bd6 11. Qe2 Nge7 12. O-O-O O-O-O 13. Bxc6 bxc6 14. h4
h5 15. g5 Bf5 16. Bg3 Bg6 17. Rhe1 Qa5 18. Nd3 Bxg3 19. fxg3 Nf5 20. Qe5 Qc7
21. Qxc7+ Kxc7 22. Ne5 Ne7 23. Nxg6 Nxg6 24. Rd3 Ne7 25. Na4 Nc8 26. Nc5 g6 27.
Rf1 Nd6 28. Ra3 Ra8 29. Rff3 Rhf8 30. Ra4 Nb5 31. Rf4 Kd6 32. Nb7+ Kc7 33. Nc5
Kd6 34. Nb7+ 1/2-1/2

[Event "17. Europa ch Juvenil - Femenino s18"]
[Site "Sibenik CRO"]
[Date "2007.09.17"]
[Round "4.18"]
[White "Misovic, Sanja"]
[Black "Charochkina, Daria"]
[Result "0-1"]
[WhiteElo "1872"]
[BlackElo "2390"]
[PlyCount "70"]
[EventDate "2007.09.14"]
[EventType "swiss"]
[EventRounds "9"]
[EventCountry "CRO"]
[Source "lmi"]
[SourceDate "2007.09.14"]

1. d4 d5 2. c4 c6 3. Nf3 Nf6 4. Nc3 e6 5. cxd5 cxd5 6. a3 Nbd7 7. Bf4 a6 8. e3
b5 9. Bd3 Bb7 10. O-O Be7 11. Qe2 O-O 12. h3 Rc8 13. Rfc1 Nb6 14. Nd2 Nc4 15.
Bxc4 dxc4 16. b3 cxb3 17. Nxb3 Nd5 18. Qd3 Nxf4 19. exf4 Bd6 20. g3 Qb6 21. Re1
Rfd8 22. Re3 Bxa3 23. Nxb5 Bb4 24. Na3 Rc3 25. Qe2 Qc6 26. f3 Qd5 27. Rxc3 Bxc3
28. Rb1 a5 29. Kg2 Bc6 30. Nc2 a4 31. Nc5 Bxd4 32. Nxd4 Qxd4 33. Nxe6 Qd2 34.
Qxd2 Rxd2+ 35. Kf1 fxe6 0-1

[Event "17. Europa ch Juvenil - Femenino s18"]
[Site "Sibenik CRO"]
[Date "2007.09.17"]
[Round "4.19"]
[White "Kaniak, Monika"]
[Black "Juciute, Einora"]
[Result "1-0"]
[WhiteElo "1950"]
[BlackElo "1758"]
[PlyCount "67"]
[EventDate "2007.09.14"]
[EventType "swiss"]
[EventRounds "9"]
[EventCountry "CRO"]
[Source "lmi"]
[SourceDate "2007.09.14"]

1. d4 Nf6 2. c4 e6 3. Nc3 Bb4 4. Qc2 d6 5. Nf3 b6 6. Bg5 Nbd7 7. e3 Bb7 8. Be2
Qe7 9. O-O Bxc3 10. bxc3 h6 11. Bh4 g5 12. Bg3 Ne4 13. Nd2 Nxd2 14. Qxd2 O-O-O
15. a4 a5 16. f3 f5 17. Bd3 Qf7 18. Qe2 Kb8 19. e4 f4 20. Bf2 e5 21. c5 h5 22.
Rab1 dxc5 23. dxc5 g4 24. cxb6 c6 25. Bh4 Nf6 26. Ba6 Rh6 27. Bxb7 Kxb7 28. c4
Rd4 29. Qe1 gxf3 30. Qxa5 Rh7 31. Qa7+ Kc8 32. b7+ Qxb7 33. Rxb7 Rxb7 34. Qa8+
1-0

[Event "17. Europa ch Juvenil - Femenino s18"]
[Site "Sibenik CRO"]
[Date "2007.09.17"]
[Round "4.20"]
[White "Naydenova, Yordanka"]
[Black "Kaniak, Justyna"]
[Result "0-1"]
[WhiteElo "1749"]
[BlackElo "1942"]
[PlyCount "84"]
[EventDate "2007.09.14"]
[EventType "swiss"]
[EventRounds "9"]
[EventCountry "CRO"]
[Source "lmi"]
[SourceDate "2007.09.14"]

1. e4 e5 2. Nf3 Nc6 3. Bc4 Nf6 4. d3 Bc5 5. h3 d6 6. Nc3 Be6 7. Bb3 Qd7 8. Be3
Bb6 9. Qd2 O-O 10. Bg5 Ne8 11. g4 Nd4 12. Nxd4 Bxd4 13. O-O-O c6 14. Rdf1 Nc7
15. Ne2 Bb6 16. f4 Bxb3 17. axb3 a5 18. f5 f6 19. Bh4 a4 20. bxa4 Rxa4 21. Nc3
Ra1+ 22. Nb1 Qf7 23. b3 Ba5 24. Qe3 Bc3 25. Be1 Bd4 26. Qg3 Rfa8 27. Bf2 Rxb1+
28. Kd2 Rxf1 29. Rxf1 Nb5 30. g5 Bxf2 31. Rxf2 fxg5 32. Qxg5 Qf6 33. Qg3 Nd4
34. h4 d5 35. Rg2 b5 36. h5 b4 37. Qe3 Kf7 38. Rh2 Qh6 39. Qxh6 gxh6 40. Rg2
Rg8 41. Rf2 Rg5 42. exd5 cxd5 0-1

[Event "17. Europa ch Juvenil - Femenino s18"]
[Site "Sibenik CRO"]
[Date "2007.09.17"]
[Round "4.23"]
[White "Kahancova, Ivana"]
[Black "Virag, Csilla"]
[Result "1/2-1/2"]
[WhiteElo "1634"]
[BlackElo "1892"]
[PlyCount "93"]
[EventDate "2007.09.14"]
[EventType "swiss"]
[EventRounds "9"]
[EventCountry "CRO"]
[Source "lmi"]
[SourceDate "2007.09.14"]

1. e4 e5 2. Nf3 Nc6 3. Bc4 Nf6 4. Ng5 d5 5. exd5 Na5 6. Bb5+ c6 7. dxc6 bxc6 8.
Be2 h6 9. Nf3 e4 10. Ne5 Qd4 11. f4 Bc5 12. Rf1 Qd8 13. d3 Bf5 14. Nc3 O-O 15.
dxe4 Nxe4 16. Qxd8 Raxd8 17. g4 Nxc3 18. gxf5 Nxe2 19. Kxe2 f6 20. Nd3 Rfe8+
21. Kf3 Bb6 22. b3 Bd4 23. Rb1 Bc3 24. Bb2 Bxb2 25. Rxb2 Rd5 26. Rbb1 Rxf5 27.
Rbe1 Rxe1 28. Rxe1 Kf7 29. Re4 Nb7 30. a4 a5 31. Rc4 c5 32. Re4 Nd6 33. Re2 Rd5
34. Re1 Nf5 35. Ke4 Ne7 36. c3 Rh5 37. Re2 Rd5 38. Rb2 f5+ 39. Ke3 Ng6 40. b4
cxb4 41. cxb4 axb4 42. Rxb4 Ra5 43. Nb2 Ne7 44. Rb5 Ra6 45. Rb3 Ke6 46. Ra3 Nc6
47. Ra1 1/2-1/2